Constitución Nacional /

Guardado en:
Autor Principal: Vanossi, Jorge R.
Otros Autores: Luder, Italo
Formato: Desconocido
Idioma:Spanish
Publicado: Buenos Aires : El Cid, 1982
Series:Cuadernos para la democracia
Materias:
Etiquetas: Agregar Etiqueta
Sin Etiquetas, Sea el primero en etiquetar este registro!
LEADER 00523nac a22001695a 4500
001 DER.der002180
008 180615s1982####ag#||||||||||||||#||spa||
005 20260127124721.0
245 1 0 |a Constitución Nacional /  |c comentada por Jorge R. Vanossi, Italo Luder. 
260 |a Buenos Aires :  |b El Cid,  |c 1982 
300 |a 106 p. 
440 0 |a Cuadernos para la democracia 
020 |a 9500023172 
100 1 |a Vanossi, Jorge R. 
700 1 |a Luder, Italo 
650 7 |a DERECHO CONSTITUCIONAL 
859 |a DERECHO  |b BIB. DERECHO  |h 342.02  |i VAN  |p 004307